Festins (notice n° 9581)
[ vue normale ]
| 000 -Label | |
|---|---|
| leader | 00927nam a2200181 4500 |
| 099 ## - Informations locales | |
| Type de document | Livre |
| 100 ## - Données générales de traitement | |
| a | 20260324d u||y0frey5050 ba |
| 101 ## - Langue | |
| langue document | français |
| 102 ## - Pays d'édition ou de production | |
| pays d'édition | Tunisie |
| 200 ## - Titre | |
| titre propre | Festins |
| type de document | Livre |
| auteur | Georges Castro |
| 210 ## - Editeur | |
| lieu de publication | Tunis |
| nom de l'éditeur | Al-Asria |
| date de publication | 1980 |
| 215 ## - Description | |
| Importance matérielle | 78 |
| autres carac. | couv. coul. |
| format | 20.5x13 |
| 330 ## - Résumé | |
| Résumé | « Cette écriture poétique (toute de classicisme et de rigueur) à laquelle on est de moins en moins habitué, mais qui conserve tous ses mérites, a l'avantage de s'imposer mieux à la lecture et à la mémoire qu'une écriture plus éclatée, telle que la pratiquent tel ou tel de nos jeunes poètes contemporains. »<br/><br/>« Un manuscrit de cette qualité devrait prendre place dans une de nos meilleures collections. »<br/><br/>р. с. с.<br/><br/>Editions Saint Germain des Prés Le cherche midi éditeur, Paris. |
| 700 ## - Auteur | |
| code de fonction | Auteur |
| auteur | Castro |
| prénom | Georges |
| 801 ## - source de catalogage | |
| pays | TN |
| agence de catalogage | 32BIS |
| date de la transaction | 20260324 |
| règles de catalogage utilisées | UNIMARC |
| 830 ## - note | |
| catalogeur | SG |
| Propriétaire | Dépositaire | Localisation | Code barre | Numéro Inventaire | Cote | Note | Statut |
|---|---|---|---|---|---|---|---|
| The 32bis Library | The 32bis Library | Salle de lecture 32BIS | 007392 | 7311 | 841 CAS | dépôt MAB | Consultable sur place |